000 00649nam a22002177a 4500
003 UA-OsUOA
001 64160
007 ta
008 20091102b un ||||| |||| 00| 0 ukr d
090 _a94(477)
_bГ39
942 _cBK
040 _aUA-OsUOA
_bukr
_cUA-OsUOA
_dUA-OsUOA
245 _aГеродот із Галікарнасу. Найдавніший опис України з V перед Христом.
_cГнатюк Б.І.
300 _a72 с.
955 _a4
041 _aukr
080 _a94(477)
260 _aК.
_bДовіра
_c1992
650 7 _a9 Географія. Біографії. Історія
_2UDC
999 _c350174
_d350174